"Del sentido y lo sensible" y "De la memoria y el recuerdo"
Dos tratados que continúan las teorías aristotélicas sobre el alma sensible y la epistemología. Del sentido y lo sensible contiene temas como la relación de cada sentido con los cuatro elementos primarios de todas las cosas, sobre los objetos de cada sentido, la divisibilidad de la sensación y la pe...
Αποθηκεύτηκε σε:
| Κύριος συγγραφέας: | |
|---|---|
| Μορφή: | Βιβλίο |
| Γλώσσα: | Undetermined |
| Έκδοση: |
Buenos Aires, Argentina
M. Aguilar
1962
|
| Θέματα: | |
| Ετικέτες: |
Προσθήκη ετικέτας
Δεν υπάρχουν, Καταχωρήστε ετικέτα πρώτοι!
|
MARC
| LEADER | 00000nam a2200000Ia 4500 | ||
|---|---|---|---|
| 008 | 170316s9999 xx 000 0 und d | ||
| 040 | |a cru BVZT | ||
| 090 | |a 100 A-36d | ||
| 100 | |a Aristóteles |9 1052 | ||
| 245 | |a "Del sentido y lo sensible" y "De la memoria y el recuerdo" |c / Aristóteles | ||
| 260 | |a Buenos Aires, Argentina |b M. Aguilar |c 1962 | ||
| 300 | |a 98 páginas | ||
| 520 | |a Dos tratados que continúan las teorías aristotélicas sobre el alma sensible y la epistemología. Del sentido y lo sensible contiene temas como la relación de cada sentido con los cuatro elementos primarios de todas las cosas, sobre los objetos de cada sentido, la divisibilidad de la sensación y la percepción simultánea. De la memoria y el recuerdo es un pequeño tratado de profundidad psicológica dividido en las dos secciones que componen su título, por un lado la memoria está asociada a la facultad sensitiva común como afección o modificación de la misma; mientras el recuerdo se trabaja desde un principio general de asociación de ideas, el cual se divide entre asociación natural y asociación habitual | ||
| 650 | |a FILOSOFÍA |9 5 | ||
| 999 | |c 15550 |d 15550 | ||
| 942 | |c SALA |h 100 A-36d |2 z | ||
